| 000 | 01070nam a2200217Ii 4500 | ||
|---|---|---|---|
| 003 | JO-AjNU | ||
| 008 | 230605s9999||||xx |||||||||||||| ||und|| | ||
| 017 | _a2017/7/3456 | ||
| 040 |
_aJO-AjNU _bara _erda _cJO-AjNU |
||
| 041 | _aara | ||
| 050 | 1 | 4 | _aDS109.9.Q3745 2018 |
| 100 | 3 |
_aتاليف نوفل، أحمد سعيد واخرون،مؤلفون مشاركون عبدالعزيز محمد عوض، علي مفلح محافظه، عمر محمد الغول، محمود عواد، معاوية ابراهيم، نعمان جبران؛ تحرير محمود عبدالله عواد, _eauthor _960252 |
|
| 245 | 0 | 0 | _aالقدس في العصور القديمة والمتوسطة والحديثة |
| 250 | _aط1 | ||
| 264 | 3 | 1 | _aعمان: دار المسيرة للنشر والتوزيع،2018 |
| 300 |
_a297ص _bيحتوي على رسومات توضيحية وملحق من ص289-296ص |
||
| 336 |
_atext _btxt _2rdacontent |
||
| 337 |
_aunmediated _bn _2rdamedia |
||
| 338 |
_avolume _bnc _2rdacarrier |
||
| 650 | 4 |
_aالقدس- تاريخ فلسطين _960253 |
|
| 999 |
_aA27159 _c30727 _d30727 |
||